000 00640nam a2200205Ia 4500
008 160114s9999 xx 000 0 und d
020 _a0-439071712
050 _aFic
050 _b.D199a 2003
100 _aDanziger, Paula
245 _aAmber Brown is green with envy /
_cPaula Danziger ; illustrated by Tony Ross.
260 _aNew York :
_bScholastic Inc.
_c2003
300 _a151 pages;
_billustrations ;
_c22 cm
650 _aCustody of children --
650 _aFathers and daughters --
650 _aMothers and daughters --
650 _xJuvenile fiction.
650 _xJuvenile fiction.
650 _xJuvenile fiction.
999 _c290383
_d290383